有名人の本名クイズ - Statistics

General Stats
  • This quiz has been taken 275 times
  • The average score is 3 of 10
Answer Stats
芸名 本名 % Correct
ビートたけし 北野武
94%
そのまんま東 東国原英夫
88%
ノブ(千鳥) 早川信行
84%
カズレーザー(メイプル超合金) 金子和令
77%
大悟(千鳥) 山本大悟
73%
HIKAKIN 開發光
73%
クロちゃん 黒川明人
72%
くっきー!(野性爆弾) 川島邦裕
70%
粗品(霜降り明星) 佐々木直人
67%
バカリズム 升野英知
64%
しばゆー(東海オンエア) 柴田裕輔
64%
フワちゃん 不破遥香
62%
タモリ 森田一義
60%
はじめしゃちょー 江田元
58%
はるな愛 大西賢示
58%
せいや(霜降り明星) 石川晟也
55%
劇団ひとり 川島省吾
50%
トシ(タカアンドトシ) 三浦敏和
50%
綾瀬はるか 蓼丸綾
47%
ハリウッドザコシショウ 中澤滋紀
45%
村上(マヂカルラブリー) 鈴木崇裕
44%
なかやまきんに君 中山翔二
43%
みちお(トム・ブラウン) 道音雄太
42%
ゆめまる(東海オンエア) 杭全夢丸
40%
みのもんた 御法川法男
40%
月亭方正 山崎邦正
38%
野田クリスタル(マヂカルラブリー) 野田光
38%
東ブクロ(さらば青春の光) 東口宜隆
38%
コウメ太夫 赤井貴
36%
笑福亭鶴瓶 駿河学
36%
てつや(東海オンエア) 小栁津徹也
36%
ローラ 佐藤えり
36%
しずちゃん(南海キャンディーズ) 山崎静代
36%
SEIKIN 開發聖也
36%
バービー(フォーリンラブ) 笹森花菜
35%
あばれる君 古張裕起
31%
博多大吉(博多華丸・大吉) 吉岡廣憲
31%
タカ(タカアンドトシ) 鈴木崇大
31%
ンダホ(フィッシャーズ) 本田知聖
30%
桂三度 渡邊鐘
29%
DaiGo 松丸大吾
29%
明石家さんま 杉本高文
27%
猫ひろし 瀧崎邦明
27%
三遊亭好楽 家入信夫
25%
博多華丸(博多華丸・大吉) 岡崎光輝
25%
バッファロー吾郎A(バッファロー吾郎) 木村明浩
22%
楽しんご 佐藤信吾
22%
りょう(東海オンエア) 福尾亮
22%
こがけん 古賀憲太郎
22%
椿鬼奴 宮崎雅代
21%
所ジョージ 芳賀隆之
21%
DAIGO 内藤大湖
20%
マツコ・デラックス 松井貴博
18%
みやぞん 宮園大耕
18%
島田紳助 長谷川公彦
17%
ゆってぃ 藤堂雄太
17%
ヒロミ 小園浩己
15%
きゃりーぱみゅぱみゅ 竹村桐子
14%
もう中学生 丸田典幸
13%
伊集院光 篠岡建
13%
スギちゃん 杉山英司
11%
デカキン 西山征孝
10%
としみつ(東海オンエア) 鈴木俊光
10%
平井“ファラオ”光(馬鹿よ貴方は) 宇井光
9%
レイザーラモンRG 出渕誠
9%
安藤なつ(メイプル超合金) 安藤和代
9%
千原ジュニア 千原浩史
8%
ヒカル 前田圭太
8%
さかなクン 宮澤正之
8%
キンタロー。 田中志保
8%
オール巨人(オール阪神・巨人) 南出繁
7%
ナダル(コロコロチキチキペッパーズ) 相浦英樹
7%
ケンドーコバヤシ 小林友治
7%
とにかく明るい安村 安村昇剛
7%
トモ(テツandトモ) 石澤智之
7%
ゴリ(ガレッジセール) 照屋年之
7%
ヒロシ 齊藤健一
6%
Mr.マリック 松尾昭
6%
永野 永野一樹
0%
新道竜巳(馬鹿よ貴方は) 濵島英治郎
0%
ですよ。 斉藤哲也
0%
マック赤坂 戸並誠
0%
ガリガリガリクソン 坂本祐介
0%
なすび 浜津智明
0%
ロッシー(野性爆弾) 城野克弥
0%
シルクロード(フィッシャーズ) 絹張諒
0%
ひぐち君(髭男爵) 樋口真一郎
0%
レイザーラモンHG 住谷正樹
0%
オール阪神(オール阪神・巨人) 高田昭徳
0%
おいでやす小田 小田芳裕
0%
ゴー☆ジャス 増井智宏
0%
山田ルイ53世(髭男爵) 山田順三
0%
パーマ大佐 國土郁音
0%
Mr.シャチホコ 前田晃克
0%
久石譲 藤澤守
0%
テツ(テツandトモ) 中本哲也
0%
立川志らく 新間一弘
0%
デッカチャン 重川昌弘
0%
虫眼鏡(東海オンエア) 河合太紀
0%
チャンカワイ(Wエンジン) 川合正悟
0%
ダンディ坂野 坂野賢一
0%
ひょっこりはん 宮下聡
0%
No matching quizzes found
Score Distribution
Percent of People with Each Score
Percentile by Number Answered
Your Score History
You have not taken this quiz